An introduction to design engineering

Enregistré dans:
Détails bibliographiques
Auteur principal: Parameswaran, M. A.
Format: Livre
Langue:Undetermined
Publié: Pangbourne, U.K. Alpha Science International Ltd. 2004
Sujets:
Tags: Ajouter un tag
Pas de tags, Soyez le premier à ajouter un tag!
Thư viện lưu trữ: Trung tâm Học liệu Trường Đại học Cần Thơ
LEADER 00539nam a2200193Ia 4500
001 CTU_128402
008 210402s9999 xx 000 0 und d
020 |c 925000 
082 |a 620.0042 
082 |b P222 
100 |a Parameswaran, M. A. 
245 3 |a An introduction to design engineering 
245 0 |c M. A. Parameswaran 
260 |a Pangbourne, U.K. 
260 |b Alpha Science International Ltd. 
260 |c 2004 
650 |a Engineering design. 
904 |i Minh 
980 |a Trung tâm Học liệu Trường Đại học Cần Thơ